Statistics for NBA Player Bacon Puzzle

Click here to take the quiz!

General Stats

  • This quiz has been taken 108 times
  • The average score is 5 of 30

Answer Stats

TEAM PLAYER % Correct
CavaliersLebron James
87%
WarriorsKevin Durant
52%
ThunderReggie Jackson
31%
TimberwolvesWesley Johnson
27%
RaptorsVince Carter
27%
NuggetsAllen Iverson
25%
76ersAndre Iguodala
23%
LakersKarl Malone
23%
PelicansRyan Anderson
20%
BlazersScottie Pippen
19%
HornetsTyson Chandler
17%
CelticsRasheed Wallace
17%
MagicGilbert Arenas
15%
BucksMatthew Dellavedova
14%
HeatNorris Cole
14%
PistonsGreg Monroe
13%
BullsHorace Grant
13%
KingsPeja Stojakovic
8%
WizardsDeShawn Stevenson
8%
KnicksMarcus Camby
7%
GrizzliesShane Battier
6%
NetsBrian Scalabrine
5%
HawksDeMarr Carroll
5%
MavericksIan Mahimni
4%
JazzGreg Ostertag
4%
PacersLuis Scola
4%
RocketsRafer Alston
2%
SpursAustin Daye
1%
ClippersJeff Ayres
1%
SunsMichael Beasley
1%

Score Distribution

Percentile by Number Answered

Percent of People with Each Score

Your Score History

You have not taken this quiz